SPECTRE - Statistics

General Stats
  • This quiz has been taken 11 times
  • The average score is 24 of 130
Answer Stats
Picture Answer % Correct
Ernst Stavro Blofeld
100%
Dr. No
67%
Abrika
33%
Adolph Gettler
33%
Alex Dimitrios
33%
Carlos Nikolic
33%
Count Lippe
33%
Craig Mitchell
33%
Dimitri
33%
Dominic Greene
33%
Dr. Vogel
33%
Edmund Slate
33%
Elvis
33%
Emilio Largo
33%
Felix Bruhl
33%
Fiona Volpe
33%
Franz Oberhauser
33%
Gallo
33%
Gregor Karakov
33%
Guerra
33%
Guy Haines
33%
Helga Brandt
33%
Jacques Bouvar
33%
Kratt
33%
Le Chiffre
33%
Leo
33%
Lucia Sciarra
33%
Marco Sciarra
33%
Max Denbigh
33%
Mollaka
33%
Moreau
33%
Morzeny
33%
Mr. Hinx
33%
Mrs. White
33%
Mr. White
33%
Nina Bismaquer
33%
Patrice
33%
Raoul Silva
33%
Red Grant
33%
Rosa Klebb
33%
Steven Obanno
33%
Tov Kronsteen
33%
Unknown
33%
Unknown
33%
Unknown
33%
Unknown
33%
Unknown
33%
Unknown
33%
Unknown
33%
Unknown
33%
Unknown
33%
Unknown
33%
Unknown
33%
Unknown
33%
Unknown
33%
Unknown
33%
Unknown
33%
Unknown
33%
Unknown
33%
Unknown
33%
Unknown
33%
Unknown
33%
Unknown
33%
Unknown
33%
Valenka
33%
Valerian
33%
Vesper Lynd
33%
Yusef Kabira
33%
Angelo Palazzi
0%
Annabel Chung
0%
Bambi
0%
Beckett Hawkwood
0%
Bert Saxby
0%
Braun
0%
Chen
0%
Dr. Bechmann
0%
Dr. Kandinsky
0%
Dr. Metz
0%
Felsen
0%
Fiona Kelley
0%
Francesco
0%
General Vassili
0%
Giuseppe Petacchi
0%
Grunther
0%
Gumbold
0%
Hans
0%
Irma Bunt
0%
"James Bond"
0%
Janni
0%
Jaws
0%
Jones
0%
Josef
0%
Karl Stromberg
0%
Kate Chapman
0%
Koslovski
0%
Krilencu
0%
Ladislav Kutze
0%
Lorenzo
0%
Madame Spectra
0%
Marco
0%
Marie
0%
Markus Bismarquer
0%
Marshall
0%
Miss Taro
0%
Moishe Soref
0%
Mr. Kidd
0%
Mr. Osato
0%
Mr. Wint
0%
Nannie Norrich
0%
Naomi
0%
Otto
0%
Pierre Borraud
0%
Primo
0%
Prof. Dent
0%
Prof. Markovitz
0%
Quist
0%
Rhoda
0%
Ricardo
0%
Sandor
0%
Sévérine
0%
Shady Tree
0%
Sir Sebastian D'ath
0%
Sister Lily
0%
Sister Rose
0%
Stephen Mackmain
0%
Three Blind Mice
0%
Thumper
0%
Titania Jones
0%
Vargas
0%
Walter Luxor
0%
No matching quizzes found
Score Distribution
Percent of People with Each Score
Percentile by Number Answered
Your Score History
You have not taken this quiz